000 01462nam2a22002891 4500
001 rc\3917405
005 20250611022216.0
021 _aRU
_b[48-12456]
035 _a(NLR Aleph) 008023742
090 _a8777324
_c8777324
100 _a20130415d1948 |||y0rusy50 ca
101 0 _arus
102 _aRU
105 _ac z |||||
200 1 _aСтатьи и рецензии. 1834-1841
_fРед. [и коммент.] М.Я. Полякова
210 _aМосква
_cГослитиздат
_d1948
_gОбразцовая тип.
215 _a800 с., 1 л. портр.
461 0 _1001rc\3917404
_12001#$aСобрание сочинений$eВ 3 т.$fПод общ. ред. Ф.М. Головенченко. Т. 1-3$vТ. 1
_1700#1$aБелинский$bВ.Г.$f1811-1848$gВиссарион Григорьевич
_98777320
_aБелинский, В.Г. (1811-1848)
_cМосква
_d1948
_fПод общ. ред. Ф.М. Головенченко. Т. 1-3
_nГослитиздат
_oВ 3 т.
_p3 т.
_tСобрание сочинений
_vТ. 1
606 _aРусская литература
_z19 в.
_xКритика (т. 1)
_2psbo
702 1 _4340
_4212
_7ca
_8rus
_aПоляков
_bМ. Я.
_cлитературовед
_f1916-2011
_gМарк Яковлевич
_9170402
_3RU\NLR\AUTH\770170452
801 0 _aRU
_bNLR
_gpsbo
801 1 _aRU
_bELAR
_2rusmarc
852 _aNLR
_jЛ20 Г-5/114
852 _aNLR
_jКрII/4176-1-3
942 _cBOOK
980 _aNB